000 01146cam a2200349 a 4500
001 57751
003 CO-BoRNBP
005 20250730112542.0
007 ta
008 960618s1994 ck a jr 00011 spa d
020 _a9580708452
040 _ala
_bspa
_cCO-BoBLA
041 0 _aspa
043 _an-cn---
082 0 4 _aI819.3
_bG18a
_219 ed.
100 1 _aGauthier, Bertrand.
_961504
240 1 0 _aAntioquia-Bibliografía regional
245 1 0 _aAni croche /
_cBertrand Gauthier; ilustraciones de Gérard Frischeteau ; traducción José Guillermo Anjel R.
250 _a1a. edición
300 _a89 p :
_bil ;
_c18 cm.
336 _2rdacontent
_atexto
_btxt
337 _2rdamedia
_asin mediación
_bn
338 _2rdacarrier
_avolumen
_bnc
490 1 _aJóvenes lectores ;
_v1
650 7 _aCuentos infantiles canadienses.
_2BLAAUTO
650 7 _aAmistad
_vCuentos infantiles.
_2BLAAUTO
_961505
651 7 _aMontreal (Canadá)
_x Descripción
_v Cuentos infantiles.
_961506
700 1 _aFrischeteau, Gérard,
_d1943,
_eil.
_961507
700 1 _aAngel R., José Guillermo,
_etr.
_961508
942 _2ddc
_cBK
949 _an
_bn
999 _c57751
_d57751